Apercepciones sobre la iniciación / (Record no. 187567)

MARC details
000 -LEADER
campo de control de longitud fija 00774nam a2200253 i 4500
001 - NÚMERO DE CONTROL
campo de control 187567
003 - IDENTIFICADOR DE NÚMERO DE CONTROL
campo de control ES-MaACL
005 - FECHA Y HORA DE LA ÚLTIMA TRANSACCIÓN
campo de control 20250809063542.0
008 - DATOS DE LONGITUD FIJA--INFORMACIÓN GENERAL
campo de control de longitud fija 171129s2006 sp |||| | spa d
020 ## - NÚMERO INTERNACIONAL ESTÁNDAR DEL LIBRO
Número Internacional Estándar del Libro 84-96094-90-1
080 ## - NÚMERO DE LA CLASIFICACIÓN DECIMAL UNIVERSAL
Número de la Clasificación Decimal Universal 291.37
100 1# - ENTRADA PRINCIPAL--NOMBRE DE PERSONA
Nombre de persona Guénon, René,
Fechas asociadas al nombre 1886-1951
9 (RLIN) 60441
245 10 - MENCIÓN DEL TÍTULO
Título Apercepciones sobre la iniciación /
Mención de responsabilidad, etc. René Guenón ; [traducción, Pedro Rodea].
250 ## - MENCION DE EDICION
Mención de edición 1ª ed.
260 ## - PUBLICACIÓN, DISTRIBUCIÓN, ETC.
Lugar de publicación, distribución, etc. Madrid :
Nombre del editor, distribuidor, etc. Sanz y Torres,
Fecha de publicación, distribución, etc. 2006.
300 ## - DESCRIPCIÓN FÍSICA
Extensión 380 p. ;
Dimensiones 21 cm.
490 1# - MENCIÓN DE SERIE
Mención de serie Ignitus
650 #4 - PUNTO DE ACCESO ADICIONAL DE MATERIA--TÉRMINO DE MATERIA
Término de materia o nombre geográfico como elemento de entrada Ritos de iniciación.
9 (RLIN) 163868
700 1# - ENTRADA AGREGADA--NOMBRE PERSONAL
Nombre de persona Rodea, Pedro.
9 (RLIN) 163858
830 0# - PUNTO DE ACCESO ADICIONAL DE SERIE-TÍTULO UNIFORME
Título uniforme Ignitus
9 (RLIN) 192800
852 ## - LOCALIZACIÓN
Ubicación ES-MaACL
Número de control de estantería A-14090
itemnumber 194653
Sublocalización o colección R.151483
Ubicación en estantería Depósito 1
Signatura antigua Olim: N-7090
942 ## - ELEMENTOS DE ENTRADA SECUNDARIOS (KOHA)
Fuente del sistema de clasificación o colocación Clasificación decimal universal
Tipo de ítem Koha Libro impreso
Holdings
Estatus retirado Estado de pérdida Fuente del sistema de clasificación o colocación Estado de daño No para préstamo Biblioteca de origen Biblioteca actual Ubicación en estantería Fecha de adquisición Fuente de adquisición Total de préstamos Signatura topográfica completa Código de barras Visto por última vez Precio de reemplazo Tipo de ítem Koha
    Clasificación decimal universal     Biblioteca del Ateneo de Madrid Biblioteca del Ateneo de Madrid Depósito 1 29/11/2017 Donación   A-14090 1198110 23/02/2023 23/02/2023 Libro impreso